Československé strojírenství v mezinárodní dělbě práce

Salvato in:
Dettagli Bibliografici
Autore principale: Chronc, Oldřich
Altri autori: Široký, Bohumil
Natura: Libro
Lingua:ceco
Pubblicazione: Praha Svoboda 1986
Edizione:1. vyd.
Tags: Aggiungi Tag
Nessun Tag, puoi essere il primo ad aggiungerne!!

MARC

LEADER 00000nam a2200000 4500
001 c035433
005 20230105083736.3
041 0 |a cze 
044 |a CZ 
245 1 0 |a Československé strojírenství v mezinárodní dělbě práce  |c Oldřich Chronc, Bohumil Široký 
250 |a 1. vyd. 
264 1 |a Praha  |b Svoboda  |c 1986 
300 |a 125 s. 
100 1 |a Chronc, Oldřich 
700 1 |a Široký, Bohumil